MANAGMENT ACCOUNTING (Record no. 43889)
[ view plain ]
| 000 -LEADER | |
|---|---|
| fixed length control field | nam a22 7a 4500 |
| 003 - CONTROL NUMBER IDENTIFIER | |
| control field | OSt |
| 005 - DATE AND TIME OF LATEST TRANSACTION | |
| control field | 20180315113147.0 |
| 008 - FIXED-LENGTH DATA ELEMENTS--GENERAL INFORMATION | |
| fixed length control field | 180315b xxu||||| |||| 00| 0 eng d |
| 040 ## - CATALOGING SOURCE | |
| Transcribing agency | IIMT |
| 100 ## - MAIN ENTRY--PERSONAL NAME | |
| Personal name | KHAN MY |
| 245 ## - TITLE STATEMENT | |
| Title | MANAGMENT ACCOUNTING |
| 260 ## - PUBLICATION, DISTRIBUTION, ETC. | |
| Place of publication, distribution, etc. | N.DELHI |
| Name of publisher, distributor, etc. | MGH |
| Date of publication, distribution, etc. | 2016 |
| 300 ## - PHYSICAL DESCRIPTION | |
| Extent | 1.3-1.10 |
| 942 ## - ADDED ENTRY ELEMENTS (KOHA) | |
| Source of classification or shelving scheme | |
| Koha item type | Text-Book- for 7 days |
| Withdrawn status | Lost status | Source of classification or shelving scheme | Damaged status | Not for loan | Home library | Current library | Date acquired | Source of acquisition | Cost, normal purchase price | Total Checkouts | Barcode | Date last seen | Price effective from | Koha item type |
|---|---|---|---|---|---|---|---|---|---|---|---|---|---|---|
| NOIDA College IIMT College of Management | NOIDA College IIMT College of Management | 03/15/2018 | KIRTI | 675.00 | 09-B-13856 | 03/15/2018 | 03/15/2018 | Text-Book- for 7 days | ||||||
| NOIDA College IIMT College of Management | NOIDA College IIMT College of Management | 03/15/2018 | KIRTI | 675.00 | 09-B-13857 | 03/15/2018 | 03/15/2018 | Text-Book- for 7 days |

